[Event "Aldeia de Barueri op"]
[Site "Aldeia de Barueri"]
[Date "2017.08.06"]
[Round "6"]
[White "Frattini, Beatriz Maria"]
[Black "Shimamura Silva, Felipe Makoto"]
[Result "0-1"]
[WhiteElo "1235"]
[BlackElo "1544"]
[PlyCount "92"]
[EventDate "2017.08.04"]
[EventType "swiss"]
[EventRounds "6"]
[EventCountry "BRA"]
[SourceTitle "CBM 180 Extra"]
[Source "ChessBase"]
[SourceDate "2017.10.06"]
[SourceVersion "1"]
[SourceVersionDate "2017.10.06"]
[SourceQuality "1"]

1. e4 c5 2. Nf3 g6 3. d4 cxd4 4. Nxd4 Bg7 5. Nc3 Nc6 6. Be3 Nf6 7. Bc4 0-0 8. Bb3 Re8 9. f3 d6 10. Qd2 Na5 11. 0-0-0 Nxb3+ 12. Nxb3 a6 13. g4 b5 14. g5 Nd7 15. h4 Ne5 16. Qe2 b4 17. Nd5 a5 18. Bb6 Qd7 19. Bxa5 Ba6 20. Qf2 Rab8 21. Nc7 Bb5 22. Nxe8 Qxe8 23. Bxb4 Rc8 24. Bc3 Qd7 25. Bxe5 Bxe5 26. f4 Bg7 27. e5 Qc7 28. exd6 exd6 29. Nd4 Qc5 30. Rh2 Bc4 31. Nb3 Qb5 32. Kb1 Bxb3 33. axb3 Ra8 34. Rxd6 Qa5 35. Kc1 Qb4 36. Kd1 Qxd6+ 37. Qd2 Qe7 38. Qe2 Rd8+ 39. Ke1 Qb4+ 40. Kf1 Qxf4+ 41. Qf2 Qc1+ 42. Kg2 Rd2 43. Qxd2 Qxd2+ 44. Kh3 Qe3+ 45. Kg2 Qe2+ 46. Kh3 Qf3# 0-1

[Event "Aldeia de Barueri op"]
[Site "Aldeia de Barueri"]
[Date "2017.08.04"]
[Round "2"]
[White "Dos Santos, Rafael Goncalves"]
[Black "Shimamura Silva, Felipe Makoto"]
[Result "1-0"]
[WhiteElo "1857"]
[BlackElo "1544"]
[PlyCount "105"]
[EventDate "2017.08.04"]
[EventType "swiss"]
[EventRounds "6"]
[EventCountry "BRA"]
[SourceTitle "CBM 180 Extra"]
[Source "ChessBase"]
[SourceDate "2017.10.06"]
[SourceVersion "1"]
[SourceVersionDate "2017.10.06"]
[SourceQuality "1"]

1. e4 c5 2. Nf3 g6 3. d4 cxd4 4. Nxd4 Bg7 5. Nc3 Nc6 6. Be3 Nf6 7. Bc4 0-0 8. Qd2 d6 9. h4 Qc7 10. Bb3 Na5 11. h5 Nxb3 12. axb3 Ng4 13. Nd5 Qd8 14. Bg5 f6 15. Bh4 g5 16. Bg3 Ne5 17. Ne3 Nf7 18. Ndf5 Bxf5 19. Nxf5 h6 20. 0-0 Qc7 21. Ra4 b5 22. Ra5 a6 23. Rfa1 Qb7 24. Qd5 Qd7 25. Qc6 Qe6 26. Rxa6 Rxa6 27. Rxa6 Rc8 28. Qxc8+ Qxc8 29. Nxe7+ Kf8 30. Nxc8 f5 31. Nxd6 Nxd6 32. Bxd6+ Kf7 33. Ra7+ Kg8 34. Rxg7+ Kxg7 35. c4 bxc4 36. bxc4 fxe4 37. c5 Kf7 38. c6 Ke6 39. c7 Kd7 40. b4 Kc8 41. b5 g4 42. b6 Kb7 43. Bf8 g3 44. fxg3 e3 45. Bxh6 e2 46. Bd2 Kc8 47. h6 Kb7 48. h7 e1Q+ 49. Bxe1 Kxb6 50. c8Q Kb5 51. h8Q Ka4 52. Qb7 Ka3 53. Qa1# 1-0

[Event "Aldeia de Barueri op"]
[Site "Aldeia de Barueri"]
[Date "2017.08.04"]
[Round "1"]
[White "Shimamura Silva, Felipe Makoto"]
[Black "Alboredo, Julia"]
[Result "0-1"]
[WhiteElo "1544"]
[BlackElo "2071"]
[PlyCount "120"]
[EventDate "2017.08.04"]
[EventType "swiss"]
[EventRounds "6"]
[EventCountry "BRA"]
[SourceTitle "CBM 180 Extra"]
[Source "ChessBase"]
[SourceDate "2017.10.06"]
[SourceVersion "1"]
[SourceVersionDate "2017.10.06"]
[SourceQuality "1"]

1. e4 c5 2. Nf3 d6 3. Bb5+ Nd7 4. 0-0 a6 5. Bxd7+ Bxd7 6. c4 e5 7. Nc3 Nf6 8. b3 Be7 9. d3 h6 10. Ne1 g5 11. Nc2 Be6 12. Ne3 Qc7 13. Ncd5 Nxd5 14. Nxd5 Bxd5 15. cxd5 0-0-0 16. Bd2 Kb8 17. b4 cxb4 18. Bxb4 Qd7 19. Rb1 g4 20. Ba5 Rc8 21. Qb3 Bd8 22. Bxd8 Rhxd8 23. Qb6 Ka8 24. Rfc1 h5 25. g3 Rh8 26. Rxc8+ Rxc8 27. Qb2 Rc5 28. Rc1 Qb5 29. Qd2 Rxc1+ 30. Qxc1 Qxd3 31. Qc7 Qb1+ 32. Kg2 Qxe4+ 33. Kg1 Qxd5 34. Qc2 e4 35. Qb2 Qe5 36. Qc1 Kb8 37. Qh6 Qd5 38. Qh8+ Ka7 39. Qb2 Qd3 40. Qc1 f5 41. a4 Kb8 42. Qa1 e3 43. fxe3 Qxe3+ 44. Kg2 Qe5 45. Qa2 a5 46. Qg8+ Ka7 47. Qa2 d5 48. Qd2 d4 49. Qa2 Qe4+ 50. Kg1 Qe3+ 51. Kg2 d3 52. Kf1 d2 53. Qb1 Qf3+ 54. Kg1 d1Q+ 55. Qxd1 Qxd1+ 56. Kg2 Qe2+ 57. Kg1 h4 58. gxh4 f4 59. h5 f3 60. h6 Qg2# 0-1

[Event "BRA-ch U12"]
[Site "Brasilia"]
[Date "2017.04.22"]
[Round "3.4"]
[White "Silva, Lucas Teixeira"]
[Black "Shimamura Silva, Felipe Makoto"]
[Result "0-1"]
[WhiteElo "1773"]
[BlackElo "1497"]
[PlyCount "108"]
[EventDate "2017.04.21"]
[EventType "swiss"]
[EventRounds "6"]
[EventCountry "BRA"]
[SourceTitle "EXT 2022"]
[Source "ChessBase"]
[SourceDate "2021.10.06"]
[SourceVersion "1"]
[SourceVersionDate "2021.10.06"]
[SourceQuality "1"]

1. e4 c5 2. Nf3 g6 3. d4 cxd4 4. Nxd4 Bg7 5. Be3 Nc6 6. Nc3 Nf6 7. Bc4 0-0 8. f3 Qb6 9. Bb3 Nxe4 10. Nxe4 Nxd4 11. Bf2 Qa5+ 12. c3 Nxb3 13. axb3 Qb5 14. Qc2 a6 15. c4 Qe5 16. 0-0 Qxb2 17. Qxb2 Bxb2 18. Rab1 Bg7 19. Rfe1 d6 20. Ng3 Be6 21. Ne4 h6 22. Nd2 Bc3 23. Re2 b5 24. cxb5 axb5 25. Ne4 Bg7 26. Ng3 Ra1 27. Rxa1 Bxa1 28. b4 Rc8 29. Be1 Rc1 30. Nf1 Bd4+ 31. Kh1 Bc4 32. Re4 Bc3 33. Bf2 Rxf1+ 34. Bg1 Bxb4 35. h3 Bc5 36. Kh2 Bxg1+ 37. Kg3 Bd3 38. Rxe7 b4 39. Rb7 Bc5 40. Rb8+ Kg7 41. Rb7 Bc2 42. Rb5 b3 43. f4 Bd4 44. Rd5 Bf2+ 45. Kh2 Bc5 46. f5 b2 47. f6+ Kxf6 48. g4 b1Q 49. g5+ hxg5 50. h4 Rh1+ 51. Kg3 Qf1 52. hxg5+ Kg7 53. Rf5 Rh3+ 54. Kg4 Qxf5# 0-1

[Event "Florianopolis op 3rd"]
[Site "Florianopolis"]
[Date "2017.01.25"]
[Round "9"]
[White "Shimamura Silva, Felipe Makoto"]
[Black "Klein, Luan Carlos"]
[Result "1/2-1/2"]
[WhiteElo "1418"]
[BlackElo "1784"]
[PlyCount "51"]
[EventDate "2017.01.20"]
[EventType "swiss"]
[EventRounds "10"]
[EventCountry "BRA"]
[SourceTitle "CBM 176 Extra"]
[Source "ChessBase"]
[SourceDate "2017.03.02"]
[SourceVersion "1"]
[SourceVersionDate "2017.03.02"]
[SourceQuality "1"]

1. e4 c5 2. Nf3 d6 3. Bb5+ Bd7 4. Bxd7+ Nxd7 5. 0-0 Ngf6 6. Qe2 Qc7 7. Rd1 g6 8. c3 Bg7 9. d4 cxd4 10. cxd4 0-0 11. Nc3 a6 12. Bf4 b5 13. Rac1 Qb6 14. Bg3 Rfd8 15. e5 dxe5 16. dxe5 Nh5 17. Nd5 Nxg3 18. hxg3 Qe6 19. Nc7 Qg4 20. Nxa8 Rxa8 21. e6 Ne5 22. exf7+ Kf8 23. Re1 Nxf3+ 24. gxf3 Qd7 25. b3 Qe6 26. Qxe6 1/2-1/2

[Event "Sao Paulo Schutt Cup 10th"]
[Site "Sao Paulo"]
[Date "2016.10.29"]
[Round "4"]
[White "Iglesias Ferreira Filho, Augusto Alberto"]
[Black "Shimamura Silva, Felipe Makoto"]
[Result "0-1"]
[WhiteElo "1527"]
[BlackElo "1291"]
[PlyCount "58"]
[EventDate "2016.10.28"]
[EventType "swiss"]
[EventRounds "6"]
[EventCountry "BRA"]
[SourceTitle "CBM 175 Extra"]
[Source "ChessBase"]
[SourceDate "2016.12.12"]
[SourceVersion "1"]
[SourceVersionDate "2016.12.12"]
[SourceQuality "1"]

1. d4 Nf6 2. c4 c5 3. d5 b5 4. cxb5 a6 5. Nc3 axb5 6. Nxb5 d6 7. g3 g6 8. Bg2 Bg7 9. Nf3 Qa5+ 10. Nc3 Ne4 11. Bd2 Nxc3 12. Bxc3 Bxc3+ 13. bxc3 Qxc3+ 14. Nd2 0-0 15. 0-0 Nd7 16. e4 Ba6 17. Re1 Rfb8 18. f4 Qd4+ 19. Kh1 Rb2 20. Nf3 Qf2 21. Rg1 Be2 22. Qe1 Bxf3 23. Qxf2 Rxf2 24. Bxf3 Rxf3 25. Rgb1 Nf6 26. Rb7 Rfa3 27. Rxe7 Rxa2 28. Rxa2 Rxa2 29. Kg1 Re2 0-1

[Event "Sao Paulo-C U1700 op 5th"]
[Site "Sao Paulo"]
[Date "2016.10.15"]
[Round "4.16"]
[White "Shimamura Silva, Felipe Makoto"]
[Black "Kikuchi Cadilhac, Mariana Sawae"]
[Result "1/2-1/2"]
[WhiteElo "1291"]
[BlackElo "1550"]
[PlyCount "111"]
[EventDate "2016.10.13"]
[EventType "swiss"]
[EventRounds "6"]
[EventCountry "BRA"]
[SourceTitle "EXT 2022"]
[Source "ChessBase"]
[SourceDate "2021.10.06"]
[SourceVersion "1"]
[SourceVersionDate "2021.10.06"]
[SourceQuality "1"]

1. e4 e5 2. Nf3 Nc6 3. Bc4 Bc5 4. c3 Nf6 5. d4 exd4 6. 0-0 dxc3 7. e5 d5 8. Bb3 c2 9. Qxc2 Ne4 10. Nc3 Nxc3 11. Qxc3 Bb4 12. Qd3 Be6 13. a3 Bc5 14. Rd1 Qe7 15. Bxd5 Bxd5 16. Qxd5 Rd8 17. Qb3 Rxd1+ 18. Qxd1 Nxe5 19. Bf4 Nxf3+ 20. Qxf3 c6 21. Qc3 0-0 22. Re1 Qf6 23. Qxf6 gxf6 24. b4 Bb6 25. Bh6 Rd8 26. g3 c5 27. Re7 c4 28. Rxb7 c3 29. Kg2 c2 30. Re7 Rc8 31. Re1 Bd4 32. Bc1 Rd8 33. Re2 Rc8 34. Rd2 Bb6 35. Kf1 Kg7 36. Ke2 Rc3 37. Rd3 Rc7 38. f3 Bg1 39. h3 Bb6 40. Kd2 Bf2 41. g4 Kg6 42. Ke2 Bg3 43. Kf1 Bh4 44. Ke2 Bg5 45. f4 Bxf4 46. Bxf4 c1Q 47. Bxc1 Rxc1 48. Rb3 Kg5 49. b5 Kh4 50. a4 Ra1 51. Rb4 Kxh3 52. Rf4 Ra2+ 53. Kd3 Ra3+ 54. Kc2 Kg3 55. Rxf6 Rxa4 56. Rxf7 1/2-1/2

[Event "Sao Paulo-C U1700 op 5th"]
[Site "Sao Paulo"]
[Date "2016.10.14"]
[Round "2.41"]
[White "Shimamura Silva, Felipe Makoto"]
[Black "Sangiovanni, Marcello Cordeiro"]
[Result "1-0"]
[WhiteElo "1291"]
[BlackElo "1742"]
[PlyCount "127"]
[EventDate "2016.10.13"]
[EventType "swiss"]
[EventRounds "6"]
[EventCountry "BRA"]
[SourceTitle "EXT 2022"]
[Source "ChessBase"]
[SourceDate "2021.10.06"]
[SourceVersion "1"]
[SourceVersionDate "2021.10.06"]
[SourceQuality "1"]

1. e4 e5 2. Nf3 Nc6 3. Bc4 Bc5 4. c3 d6 5. d4 Bb6 6. dxe5 dxe5 7. Qxd8+ Nxd8 8. Nxe5 Nf6 9. Bg5 0-0 10. Bxf6 gxf6 11. Nf3 Be6 12. Bxe6 fxe6 13. 0-0 Nf7 14. Nbd2 Rad8 15. Nc4 Bc5 16. b4 Be7 17. Nd4 Ng5 18. f4 Nxe4 19. Nxe6 Nxc3 20. Nxf8 Kxf8 21. a3 Rd4 22. Na5 Ne2+ 23. Kf2 Nc3 24. Ke3 Rd6 25. Nxb7 Re6+ 26. Kd3 Nd5 27. f5 Rb6 28. Na5 Rd6 29. Ke4 Kf7 30. Nc4 Nc3+ 31. Kf3 Rd5 32. Rac1 Rxf5+ 33. Kg4 Rg5+ 34. Kf3 Rf5+ 35. Ke3 Rxf1 36. Rxf1 Kg6 37. Kd3 Nd5 38. Kd4 Nb6 39. Nxb6 cxb6 40. Re1 Bd6 41. g3 Bf8 42. Re8 Bh6 43. Re7 a5 44. b5 Bc1 45. a4 f5 46. Re6+ Kg5 47. Rxb6 f4 48. gxf4+ Bxf4 49. Rb7 h5 50. Rg7+ Kh4 51. Rg2 Kh3 52. Rb2 Bg5 53. Kd5 h4 54. b6 Bf4 55. b7 Bc7 56. b8Q Bxb8 57. Rxb8 Kxh2 58. Kc5 h3 59. Kb5 Kg2 60. Kxa5 h2 61. Rh8 h1Q 62. Rxh1 Kxh1 63. Kb6 Kg2 64. a5 1-0

[Event "Sao Paulo Karman Cup 9th"]
[Site "Sao Paulo"]
[Date "2016.08.07"]
[Round "6"]
[White "Shimamura Silva, Felipe Makoto"]
[Black "Primo E Silva, Beatriz"]
[Result "1-0"]
[WhiteElo "1252"]
[BlackElo "1407"]
[PlyCount "77"]
[EventDate "2016.08.05"]
[EventType "swiss"]
[EventRounds "6"]
[EventCountry "BRA"]
[SourceTitle "CBM 174 Extra"]
[Source "ChessBase"]
[SourceDate "2016.10.10"]
[SourceVersion "1"]
[SourceVersionDate "2016.10.10"]
[SourceQuality "1"]

1. e4 c5 2. d4 cxd4 3. c3 Nf6 4. e5 Nd5 5. Qxd4 e6 6. Nf3 Nc6 7. Qe4 f5 8. Qe2 Be7 9. g3 0-0 10. Bg2 d6 11. exd6 Bxd6 12. 0-0 Qc7 13. Nbd2 Be7 14. Nb3 e5 15. Nxe5 Nxc3 16. Qc4+ Be6 17. Qxe6+ Kh8 18. Nf7+ Rxf7 19. Qxf7 Rf8 20. Qc4 Ne4 21. Bf4 Qb6 22. Be3 Qa6 23. Qxa6 bxa6 24. Rac1 Rf6 25. Bxe4 fxe4 26. Bg5 Re6 27. Nd4 Bxg5 28. Nxe6 Bxc1 29. Rxc1 Ne7 30. Rc7 Ng8 31. Rxg7 Nf6 32. Rf7 Ng8 33. Rxa7 h6 34. Rxa6 Nf6 35. Nc5 Kg7 36. Kg2 h5 37. Ra4 Kg6 38. Nxe4 Nxe4 39. Rxe4 1-0

[Event "Sao Paulo Karman Cup 9th"]
[Site "Sao Paulo"]
[Date "2016.08.05"]
[Round "2"]
[White "Shimamura Silva, Felipe Makoto"]
[Black "Mangini, Bruno Fernandes"]
[Result "1/2-1/2"]
[WhiteElo "1252"]
[BlackElo "1771"]
[PlyCount "146"]
[EventDate "2016.08.05"]
[EventType "swiss"]
[EventRounds "6"]
[EventCountry "BRA"]
[SourceTitle "CBM 174 Extra"]
[Source "ChessBase"]
[SourceDate "2016.10.10"]
[SourceVersion "1"]
[SourceVersionDate "2016.10.10"]
[SourceQuality "1"]

1. e4 c6 2. d4 d5 3. Nc3 dxe4 4. Nxe4 Bf5 5. Ng3 Bg6 6. Nf3 Nd7 7. Bc4 e6 8. 0-0 Ngf6 9. Re1 Qc7 10. Be3 0-0-0 11. c3 Bd6 12. b4 Nd5 13. Bxd5 exd5 14. a4 Nf6 15. b5 Ne4 16. bxc6 bxc6 17. Qb3 Nxg3 18. fxg3 Kd7 19. Bf4 Rb8 20. Bxd6 Qxd6 21. Qa3 Qxa3 22. Rxa3 f6 23. Nh4 Be4 24. Nf3 Rb2 25. Raa1 Rhb8 26. c4 a5 27. cxd5 cxd5 28. Rec1 Rc2 29. Rxc2 Bxc2 30. Kf2 Rb4 31. Ne1 Bxa4 32. Nd3 Bc2 33. Nxb4 axb4 34. Ra2 b3 35. Rb2 Ke6 36. Kf3 h5 37. g4 h4 38. h3 g5 39. Ke3 f5 40. gxf5+ Kxf5 41. Kf3 Bd1+ 42. Ke3 g4 43. hxg4+ Kxg4 44. Kf2 Kf4 45. Kg1 Ke3 46. Kh2 Kxd4 47. Rd2+ Kc3 48. Rxd1 b2 49. Kh3 Kc2 50. Rxd5 b1Q 51. Rh5 Qh1+ 52. Kg4 Qxg2+ 53. Kxh4 Kd3 54. Rg5 Qf2+ 55. Kg4 Ke4 56. Kh5 Qf7+ 57. Kh6 Kf4 58. Rg4+ Ke5 59. Rg5+ Ke4 60. Rg4+ Kf3 61. Rg7 Qf6+ 62. Kh7 Kf4 63. Kh8 Kf5 64. Kh7 Qh4+ 65. Kg8 Qh6 66. Rh7 Qe6+ 67. Kf8 Qc8+ 68. Kg7 Kg5 69. Kf7 Qd7+ 70. Kg8 Qe8+ 71. Kg7 Qg6+ 72. Kh8 Kf6 73. Rf7+ Qxf7 1/2-1/2

[Event "BRA-ch Amateur U1800"]
[Site "Sao Paulo"]
[Date "2016.05.28"]
[Round "6"]
[White "Da Rocha, Luiz C Cosenza Vie"]
[Black "Shimamura Silva, Felipe Makoto"]
[Result "1/2-1/2"]
[WhiteElo "1474"]
[BlackElo "1198"]
[PlyCount "59"]
[EventDate "2016.05.26"]
[EventType "swiss"]
[EventRounds "7"]
[EventCountry "BRA"]
[SourceTitle "EXT 2019"]
[Source "ChessBase"]
[SourceDate "2018.10.10"]
[SourceVersion "1"]
[SourceVersionDate "2018.10.10"]
[SourceQuality "1"]

1. d4 Nf6 2. c4 g6 3. f3 Bg7 4. e4 0-0 5. Nc3 d6 6. Bg5 h6 7. Be3 e5 8. d5 c6 9. Nge2 cxd5 10. cxd5 Nh5 11. Qd2 Kh7 12. Nc1 f5 13. Nd3 Nf6 14. 0-0-0 f4 15. Bf2 Bd7 16. g3 fxg3 17. hxg3 Qc7 18. Kb1 a5 19. Rc1 Qd8 20. Be3 Nh5 21. Qg2 Qf6 22. Be2 b5 23. Nf2 b4 24. Ncd1 Na6 25. Nd3 Bb5 26. N1f2 a4 27. Bd1 b3 28. a3 Rac8 29. Bd2 Rxc1+ 30. Kxc1 1/2-1/2

[Event "Sao Paulo op-B U2050 4th"]
[Site "Sao Paulo"]
[Date "2016.03.27"]
[Round "7"]
[White "Shimamura Silva, Felipe Makoto"]
[Black "Heubeck, Flavio"]
[Result "0-1"]
[WhiteElo "1686"]
[BlackElo "1685"]
[PlyCount "128"]
[EventDate "2016.03.24"]
[EventType "swiss"]
[EventRounds "7"]
[EventCountry "BRA"]
[SourceTitle "CBM 171 Extra"]
[Source "ChessBase"]
[SourceDate "2016.04.26"]
[SourceVersion "1"]
[SourceVersionDate "2016.04.26"]
[SourceQuality "1"]

1. Nf3 d6 2. g3 Nf6 3. Bg2 c6 4. 0-0 e5 5. d3 Bg4 6. e4 Be7 7. h3 Bd7 8. Nc3 0-0 9. Be3 Qc7 10. Qd2 d5 11. exd5 cxd5 12. Bg5 Bc6 13. Ne1 Rd8 14. f4 e4 15. dxe4 Nxe4 16. Nxe4 dxe4 17. Qe3 f6 18. Bh4 Bb5 19. Rf2 Bc5 20. Qb3+ Kf8 21. Qxb5 Bxf2+ 22. Kxf2 Rd2+ 23. Kg1 Nc6 24. Qc5+ Kg8 25. Qe3 Rad8 26. Qxe4 Ne7 27. Qxb7 Qc5+ 28. Kh1 Nf5 29. Qb3+ Kf8 30. Qa3 Qxa3 31. bxa3 Rd1 32. Rxd1 Rxd1 33. Kg1 Rxe1+ 34. Kf2 Rc1 35. Be4 Nd4 36. Ke3 Nb5 37. Bxh7 Nxa3 38. g4 Rh1 39. Bf2 Rxh3+ 40. Ke2 Rxh7 41. Bc5+ Kf7 42. Bxa3 Rh2+ 43. Kd1 Rf2 44. Bc5 Rxf4 45. Bxa7 Rxg4 46. Bc5 Rc4 47. Ba3 g5 48. Bb2 f5 49. Kd2 Ke6 50. c3 Kd5 51. Ke3 g4 52. Kf2 Ke4 53. Bc1 Rxc3 54. Bg5 Rc2+ 55. Kg3 Rxa2 56. Bh4 Ra3+ 57. Kg2 f4 58. Kf2 g3+ 59. Kg2 Ra2+ 60. Kf1 Kf3 61. Ke1 g2 62. Kd1 g1Q+ 63. Be1 Qd4+ 64. Kc1 Qa1# 0-1

[Event "Sao Paulo op-B 3rd"]
[Site "Sao Paulo"]
[Date "2015.09.19"]
[Round "3"]
[White "Riboldi, Mario Garcia"]
[Black "Shimamura Silva, Felipe Makoto"]
[Result "1-0"]
[WhiteElo "1654"]
[BlackElo "1752"]
[PlyCount "79"]
[EventDate "2015.09.17"]
[EventType "swiss"]
[EventRounds "6"]
[EventCountry "BRA"]
[SourceTitle "EXT 2016"]
[Source "ChessBase"]
[SourceDate "2015.10.08"]
[SourceVersion "1"]
[SourceVersionDate "2015.10.08"]
[SourceQuality "1"]

1. d4 d6 2. c4 Nf6 3. Nc3 g6 4. e4 Bg7 5. Nge2 0-0 6. Ng3 e5 7. d5 Ne8 8. Be2 f5 9. exf5 Bxf5 10. Nxf5 Rxf5 11. Bg4 Rf8 12. h4 c6 13. Bg5 Qb6 14. Qd2 cxd5 15. Nxd5 Qa6 16. b3 b6 17. h5 Qb7 18. hxg6 hxg6 19. Be6+ Rf7 20. Ne7+ Kf8 21. Nxg6+ Kg8 22. Kf1 Qe4 23. Ne7+ Kf8 24. Bd5 Qd4 25. Qxd4 exd4 26. Ng6+ Kg8 27. Bxa8 Rf5 28. Bd5+ Rxd5 29. Ne7+ Kf7 30. Nxd5 Ke6 31. Re1+ Kf7 32. Re7+ Kf8 33. Bh6 Bxh6 34. Rxh6 Nf6 35. Rxf6+ Kg8 36. Re8+ Kg7 37. Rxb8 d3 38. Rb7+ Kg8 39. Rxd6 d2 40. Rd8# 1-0

[Event "Sao Paulo op-B 3rd"]
[Site "Sao Paulo"]
[Date "2015.09.18"]
[Round "2"]
[White "Shimamura Silva, Felipe Makoto"]
[Black "De Oliveira, Francemir Barra"]
[Result "0-1"]
[WhiteElo "1752"]
[BlackElo "1715"]
[PlyCount "72"]
[EventDate "2015.09.17"]
[EventType "swiss"]
[EventRounds "6"]
[EventCountry "BRA"]
[SourceTitle "EXT 2016"]
[Source "ChessBase"]
[SourceDate "2015.10.08"]
[SourceVersion "1"]
[SourceVersionDate "2015.10.08"]
[SourceQuality "1"]

1. Nf3 d5 2. g3 Bg4 3. Bg2 e6 4. 0-0 Be7 5. h3 Bh5 6. d3 g5 7. e4 c6 8. Qd2 h6 9. Qe2 Nf6 10. Nc3 g4 11. hxg4 Bxg4 12. Be3 Bxf3 13. Qxf3 d4 14. Bd2 dxc3 15. Bxc3 Nbd7 16. Bh3 Qc7 17. d4 0-0-0 18. Qe3 Kb8 19. Qd3 Rhg8 20. Bd2 Rg6 21. Bf4 Qxf4 22. e5 Qg5 23. exf6 Bxf6 24. Bg2 Nc5 25. Qc4 Bxd4 26. Rfd1 Qxg3 27. Qf1 Qh4 28. c3 Bf6 29. Rxd8+ Bxd8 30. Rd1 Bc7 31. f4 Bxf4 32. Qe2 Bh2+ 33. Kh1 Bg3+ 34. Kg1 Qh2+ 35. Kf1 Rf6+ 36. Bf3 Qh1# 0-1

[Event "Sao Paulo op-B 3rd"]
[Site "Sao Paulo"]
[Date "2015.09.17"]
[Round "1"]
[White "Shimamura Silva, Felipe Makoto"]
[Black "Capelo, Martinho Figueira"]
[Result "0-1"]
[WhiteElo "1752"]
[BlackElo "1860"]
[PlyCount "54"]
[EventDate "2015.09.17"]
[EventType "swiss"]
[EventRounds "6"]
[EventCountry "BRA"]
[SourceTitle "EXT 2016"]
[Source "ChessBase"]
[SourceDate "2015.10.08"]
[SourceVersion "1"]
[SourceVersionDate "2015.10.08"]
[SourceQuality "1"]

1. Nf3 g6 2. g3 Bg7 3. Bg2 c5 4. 0-0 Nf6 5. d3 d5 6. Nbd2 0-0 7. e4 Nc6 8. Re1 d4 9. Nb3 Nd7 10. Bd2 a5 11. Qc1 a4 12. Nxc5 Nxc5 13. c3 Nxd3 14. Qc2 Nxe1 15. Rxe1 Bg4 16. cxd4 Bxf3 17. Bxf3 Nxd4 18. Qd3 Nxf3+ 19. Qxf3 Qxd2 20. Rd1 Qxb2 21. Rd7 Rad8 22. Rxe7 Qc1+ 23. Kg2 Rd1 24. Rxb7 Rg1+ 25. Kh3 Qh6+ 26. Kg4 Qh5+ 27. Kf4 Bh6# 0-1